000
00287nam a2200121Ia 4500
005
20251222141833.0
008
251222s9999||||xx |||||||||||||| ||spa||
082
_a
379.248.5/O31
100
_a
Ochoa Pezo, Edgar Américo
245
0
_a
Ayar:
264
_b
Comunidad de Madrid
942
_c
LIB
999
_c
7172
_d
7172